00506nam a2200193Ia 4500003000900000008004100009040001300050040001300063041000800076100002100084245004600105250001200151260001200163260000900175300001000184490003100194490000600225600008100231IT-RoPAU120407s9999 xx 000 0 und d aIT-RoPAU cIT-RoPAU aita aAlois Grillmeier aGesù il Cristo nella fede della Chiesa. aBrescia aPaideia c1982 c23 cm aBiblioteca teologica, 18s. v2 a V.I. t. I - II : Dall’età apostolica al Concilio di Calcedonia. (451)